000
00350nam a2200133Ia 4500
008
231129s1990||||xx |||||||||||||| ||spa||
020
_a
958-9042-33-3
040
_b
spa
082
_a
658.42 W187
245
4
_a
The Wall Street Journal: Temas gerenciales
260
_c
1990
264
_a
Legis
942
_2
ddc
_c
BKS
999
_c
25359
_d
25359